[Event "Dublin Irish op"]
[Site "Dublin"]
[Date "2019.04.20"]
[Round "5"]
[White "Flynn, Jacob"]
[Black "Mancin, Michele"]
[Result "1-0"]
[WhiteElo "2011"]
[BlackElo "1706"]
[PlyCount "51"]
[EventDate "2019.04.17"]
[EventType "swiss"]
[EventRounds "9"]
[EventCountry "IRL"]
[SourceTitle "CBM 189 Extra"]
[Source "ChessBase"]
[SourceDate "2019.06.03"]
[SourceVersion "1"]
[SourceVersionDate "2019.06.03"]
[SourceQuality "1"]

1. d4 d5 2. c4 c6 3. Nf3 e6 4. Nc3 Nf6 5. Bg5 h6 6. Bh4 Be7 7. e3 0-0 8. Bd3 dxc4 9. Bxc4 b5 10. Bd3 a6 11. Rc1 Bb7 12. 0-0 Nbd7 13. Qe2 c5 14. Rfd1 cxd4 15. exd4 Rc8 16. Ne5 Nb6 17. Bg3 b4 18. Ne4 Rxc1 19. Rxc1 Qxd4 20. Nf3 Qd5 21. Nxf6+ Bxf6 22. Bxa6 Ba8 23. b3 Bc3 24. Rd1 Qa5 25. Bc7 Qc5 26. Bd6 1-0

[Event "Arco Christmas op 8th"]
[Site "Arco"]
[Date "2017.12.29"]
[Round "5"]
[White "Mancin, Michele"]
[Black "Viola, Enrico"]
[Result "0-1"]
[WhiteElo "1696"]
[BlackElo "1863"]
[PlyCount "44"]
[EventDate "2017.12.26"]
[EventType "swiss"]
[EventRounds "7"]
[EventCountry "ITA"]
[SourceTitle "CBM 182 Extra"]
[Source "ChessBase"]
[SourceDate "2018.02.23"]
[SourceVersion "1"]
[SourceVersionDate "2018.02.23"]
[SourceQuality "1"]

1. e4 c5 2. Nf3 Nc6 3. d4 cxd4 4. Nxd4 Nf6 5. Nc3 e5 6. Ndb5 d6 7. Bg5 a6 8. Na3 b5 9. Bxf6 gxf6 10. Nd5 Bg7 11. c3 f5 12. exf5 Bxf5 13. Qf3 Bd7 14. Bd3 0-0 15. Qh5 f5 16. Bc2 Be6 17. Ne3 Qc7 18. Qd1 Qd7 19. Nd5 Rad8 20. Bb3 Kh8 21. Nc2 Bf6 22. a4 b4 0-1

[Event "Arco Christmas op 8th"]
[Site "Arco"]
[Date "2017.12.28"]
[Round "4"]
[White "Mancin, Michele"]
[Black "Zanin, Luca"]
[Result "1-0"]
[WhiteElo "1696"]
[BlackElo "1700"]
[PlyCount "78"]
[EventDate "2017.12.26"]
[EventType "swiss"]
[EventRounds "7"]
[EventCountry "ITA"]
[SourceTitle "CBM 182 Extra"]
[Source "ChessBase"]
[SourceDate "2018.02.23"]
[SourceVersion "1"]
[SourceVersionDate "2018.02.23"]
[SourceQuality "1"]

1. e4 c5 2. Nf3 g6 3. d4 cxd4 4. Nxd4 Nc6 5. Be3 Bg7 6. Nc3 Nf6 7. Be2 0-0 8. 0-0 d6 9. Kh1 Nxd4 10. Bxd4 Be6 11. f4 Qc8 12. Nd5 Bxd5 13. exd5 Qd7 14. c4 Rfe8 15. Rc1 b6 16. g4 Qd8 17. g5 Nd7 18. Bxg7 Kxg7 19. Qd4+ Kg8 20. b4 Nf8 21. h4 Qd7 22. Rc3 Rac8 23. Rg3 Qc7 24. h5 e5 25. fxe5 Rxe5 26. h6 Rce8 27. Bg4 R8e7 28. Qf4 f5 29. gxf6 Rf7 30. a4 Nd7 31. Be6 Rxe6 32. dxe6 Rxf6 33. Qc1 Rxe6 34. Rgf3 Qd8 35. Qf4 Nf6 36. Qg5 Kf7 37. Qd5 Ke7 38. Qb7+ Nd7 39. Rf7+ Ke8 1-0

[Event "Treviso op-B 1st"]
[Site "Treviso"]
[Date "2017.03.19"]
[Round "4.15"]
[White "Mancin, Michele"]
[Black "Perlin, Enrico"]
[Result "1-0"]
[WhiteElo "1780"]
[BlackElo "1758"]
[PlyCount "87"]
[EventDate "2017.03.17"]
[EventType "swiss"]
[EventRounds "5"]
[EventCountry "ITA"]
[SourceTitle "EXT 2024"]
[Source "ChessBase"]
[SourceDate "2023.10.10"]
[SourceVersion "1"]
[SourceVersionDate "2023.10.10"]
[SourceQuality "1"]

1. e4 e5 2. Nf3 Nc6 3. Bb5 Nge7 4. 0-0 a6 5. Ba4 d6 6. h3 g6 7. c3 Bg7 8. d3 0-0 9. Bg5 b5 10. Bc2 h6 11. Be3 f5 12. Bc1 f4 13. d4 g5 14. dxe5 dxe5 15. Bb3+ Kh7 16. Nh2 Qxd1 17. Rxd1 Ng8 18. f3 Nf6 19. Ng4 Bxg4 20. hxg4 Rad8 21. Kf2 Rxd1 22. Bxd1 Rd8 23. Ke1 Bf8 24. Nd2 Ne7 25. Be2 Ng6 26. a4 c6 27. axb5 axb5 28. Ra6 Ne7 29. Bxb5 Nd7 30. Bf1 Nc5 31. Ra7 Kg6 32. b4 Nd7 33. Nc4 Kf6 34. Ra6 Kg7 35. Bb2 Rc8 36. Nd6 Rb8 37. Ra7 Nf6 38. Nf5+ Kf7 39. Bc4+ Ke8 40. Nd6+ Kd8 41. Nf7+ Ke8 42. Nxe5 h5 43. Bf7+ Kd8 44. gxh5 1-0

[Event "Treviso op-B 1st"]
[Site "Treviso"]
[Date "2017.03.17"]
[Round "1.6"]
[White "Canali, Andrea"]
[Black "Mancin, Michele"]
[Result "1-0"]
[WhiteElo "1911"]
[BlackElo "1780"]
[PlyCount "55"]
[EventDate "2017.03.17"]
[EventType "swiss"]
[EventRounds "5"]
[EventCountry "ITA"]
[SourceTitle "EXT 2024"]
[Source "ChessBase"]
[SourceDate "2023.10.10"]
[SourceVersion "1"]
[SourceVersionDate "2023.10.10"]
[SourceQuality "1"]

1. Nf3 d5 2. g3 Nf6 3. Bg2 c6 4. 0-0 e6 5. d4 Nbd7 6. c4 Bd6 7. Nc3 0-0 8. Nd2 h6 9. e4 dxe4 10. Ndxe4 Nxe4 11. Nxe4 Nf6 12. Nxd6 Qxd6 13. Bf4 Qe7 14. Re1 Qb4 15. Qc2 Rd8 16. a3 Qf8 17. Rad1 g5 18. Bc1 a5 19. b3 Ne8 20. Bb2 Ng7 21. Qc3 Bd7 22. d5 cxd5 23. cxd5 Rac8 24. Qf6 exd5 25. Qxh6 Rc2 26. Bf6 Rxf2 27. Kxf2 Qc5+ 28. Bd4 1-0

[Event "Trieste Excelsior Palace op 1st"]
[Site "Trieste"]
[Date "2017.01.05"]
[Round "6"]
[White "Giordani, Roberto"]
[Black "Mancin, Michele"]
[Result "1/2-1/2"]
[WhiteElo "1856"]
[BlackElo "1778"]
[PlyCount "84"]
[EventDate "2017.01.02"]
[EventType "swiss"]
[EventRounds "7"]
[EventCountry "ITA"]
[SourceTitle "CBM 176 Extra"]
[Source "ChessBase"]
[SourceDate "2017.03.02"]
[SourceVersion "1"]
[SourceVersionDate "2017.03.02"]
[SourceQuality "1"]

1. e4 c5 2. Nc3 d6 3. g3 Nf6 4. Bg2 e6 5. d3 a6 6. a4 Nc6 7. Nge2 Be7 8. 0-0 0-0 9. Bg5 Qc7 10. Qd2 Nd4 11. Be3 Nc6 12. h3 Rd8 13. Kh2 Ne8 14. Rae1 Bf6 15. Bg5 h6 16. Bxf6 Nxf6 17. f4 Rb8 18. Ng1 b5 19. axb5 axb5 20. Nf3 b4 21. Nd1 Bb7 22. Qf2 Ne7 23. Nh4 Bc8 24. Ne3 d5 25. e5 Nh7 26. Qe2 Kh8 27. Rf2 Ng6 28. Qg4 Nxh4 29. Qxh4 Nf8 30. f5 exf5 31. Nxd5 Qd7 32. Ne7 Rb6 33. Nxf5 Ng6 34. Qc4 Qc7 35. Nd6 Be6 36. Bd5 Nxe5 37. Nxf7+ Bxf7 38. Rxe5 Qxe5 39. Bxf7 Rf8 40. Rf4 Rf6 41. Rxf6 Qxf6 42. Bd5 Qf2+ 1/2-1/2

[Event "Trieste Excelsior Palace op 1st"]
[Site "Trieste"]
[Date "2017.01.02"]
[Round "1"]
[White "Mancin, Michele"]
[Black "Peric, Slavisa"]
[Result "0-1"]
[WhiteElo "1778"]
[BlackElo "2168"]
[PlyCount "80"]
[EventDate "2017.01.02"]
[EventType "swiss"]
[EventRounds "7"]
[EventCountry "ITA"]
[SourceTitle "CBM 176 Extra"]
[Source "ChessBase"]
[SourceDate "2017.03.02"]
[SourceVersion "1"]
[SourceVersionDate "2017.03.02"]
[SourceQuality "1"]

1. e4 e6 2. c4 c5 3. Nc3 a6 4. g3 b6 5. Bg2 Bb7 6. Nge2 Qc7 7. 0-0 Nf6 8. d3 d6 9. Bg5 Nbd7 10. Rc1 Rc8 11. h3 Qb8 12. Qb3 Be7 13. Bxf6 Bxf6 14. Nd1 Bc6 15. Ne3 b5 16. Ng4 bxc4 17. Nxf6+ Nxf6 18. Qxc4 Qxb2 19. Rc2 Qb5 20. Qc3 0-0 21. Rb2 Qa4 22. Rfb1 Nd7 23. Qd2 Rb8 24. Kh2 h6 25. f4 Rxb2 26. Rxb2 Rb8 27. Nc3 Rxb2 28. Qxb2 Qb4 29. Qc1 Nb6 30. h4 Bb5 31. Bf1 Na4 32. Nxa4 Qxa4 33. Qd2 Qd4 34. Qc2 a5 35. Kg2 Qb4 36. Be2 a4 37. Kf1 a3 38. Bd1 Qd4 39. Be2 Ba4 40. Qc4 Qxc4 0-1

[Event "Cortina d'Ampezzo op 2nd"]
[Site "Cortina d'Ampezzo"]
[Date "2013.09.14"]
[Round "6"]
[White "Mancin, Michele"]
[Black "Girardelli, Daniel"]
[Result "1-0"]
[WhiteElo "1772"]
[BlackElo "1518"]
[PlyCount "69"]
[EventDate "2013.09.10"]
[EventType "swiss"]
[EventRounds "7"]
[EventCountry "ITA"]
[SourceTitle "CBM 156 Extra"]
[Source "ChessBase"]
[SourceDate "2013.10.22"]
[SourceVersion "1"]
[SourceVersionDate "2013.10.22"]
[SourceQuality "1"]

1. e4 e5 2. Nf3 d6 3. d4 exd4 4. Nxd4 Nf6 5. Nc3 Bd7 6. Bc4 Nc6 7. 0-0 Be7 8. Bg5 0-0 9. Re1 h6 10. Bh4 Ng4 11. Bxe7 Qxe7 12. h3 Nge5 13. Nxc6 bxc6 14. Bb3 Qg5 15. Re3 Qf6 16. Qe2 Be6 17. Rf1 Bxb3 18. cxb3 Ng6 19. Rg3 Qe5 20. Qc4 Nf4 21. Qxc6 Ne6 22. Kh1 Rab8 23. Qc4 Qd4 24. Qxd4 Nxd4 25. Nd5 f5 26. exf5 Rxf5 27. Ne7+ Kh7 28. Nxf5 Nxf5 29. Rf3 Nd4 30. Rf7 Rc8 31. Rc1 Ne6 32. Re7 Nc5 33. Rc3 Rf8 34. Rg3 Rxf2 35. Rexg7+ 1-0

[Event "Basso Veronese op 6th"]
[Site "Casaleone"]
[Date "2013.05.18"]
[Round "2"]
[White "Zanini, Andrea"]
[Black "Mancin, Michele"]
[Result "0-1"]
[WhiteElo "1669"]
[BlackElo "1762"]
[PlyCount "158"]
[EventDate "2013.05.17"]
[EventType "swiss"]
[EventRounds "5"]
[EventCountry "ITA"]
[SourceTitle "EXT 2014"]
[Source "ChessBase"]
[SourceDate "2013.11.20"]
[SourceVersion "1"]
[SourceVersionDate "2013.11.20"]
[SourceQuality "1"]

1. b3 d5 2. Bb2 Nc6 3. e3 Nf6 4. Bb5 a6 5. Be2 Bf5 6. Nf3 h6 7. d3 e6 8. Nbd2 b5 9. Ne5 Nxe5 10. Bxe5 Nd7 11. Bb2 e5 12. e4 Be6 13. exd5 Bxd5 14. Bf3 Bxf3 15. Qxf3 Bd6 16. Qe4 0-0 17. Nf3 Nf6 18. Qc6 Re8 19. 0-0 Re6 20. Qc3 Nd5 21. Qd2 Qe7 22. a3 c5 23. c4 bxc4 24. bxc4 Nf6 25. Nh4 Qc7 26. Nf5 Bf8 27. f3 Nh5 28. g3 Rb8 29. Rab1 Reb6 30. Ne3 Nf6 31. Rfe1 Bd6 32. Nf5 Nd7 33. Ne3 Qb7 34. Re2 Nf6 35. Rf2 Rd8 36. Nf5 Bf8 37. Rff1 Qd7 38. g4 Qxd3 39. Qxd3 Rxd3 40. Bxe5 Rbb3 41. Rxb3 Rxb3 42. Rd1 Rxf3 43. Kg2 Rxa3 44. Rd8 Ra2+ 45. Kg1 Nxg4 46. Bxg7 Kh7 47. Rxf8 Kg6 48. Rc8 Kxf5 49. Rxc5+ Kg6 50. Bd4 Nf6 51. Z0 Ne4 52. Z0 Nc3 53. Z0 Ne2+ 54. Kf1 Nxd4 55. Rd5 Ne6 56. Kg1 Rc2 57. Ra5 Rxc4 58. Rxa6 Rc5 59. Ra2 h5 60. Rg2+ Rg5 61. h4 Rxg2+ 62. Kxg2 Kf5 63. Kf3 Nd4+ 64. Kg3 Ke4 65. Kh3 f5 66. Kg2 Ke3 67. Kf1 Kf3 68. Kg1 Kg4 69. Kg2 Kxh4 70. Kh2 Kg4 71. Kg2 f4 72. Kf2 h4 73. Kg2 f3+ 74. Kh2 Kf4 75. Kg1 Ke3 76. Kf1 Nf5 77. Kg1 Ke2 78. Kh1 f2 79. Kh2 Ke1 0-1

[Event "Basso Veronese op 6th"]
[Site "Casaleone"]
[Date "2013.05.17"]
[Round "1"]
[White "Mancin, Michele"]
[Black "Xia, Jie"]
[Result "0-1"]
[WhiteElo "1762"]
[BlackElo "2275"]
[PlyCount "44"]
[EventDate "2013.05.17"]
[EventType "swiss"]
[EventRounds "5"]
[EventCountry "ITA"]
[SourceTitle "EXT 2014"]
[Source "ChessBase"]
[SourceDate "2013.11.20"]
[SourceVersion "1"]
[SourceVersionDate "2013.11.20"]
[SourceQuality "1"]

1. Nf3 Nf6 2. c4 g6 3. g3 Bg7 4. d4 0-0 5. Bg2 d6 6. Nc3 c6 7. 0-0 Nbd7 8. e4 e5 9. d5 Nc5 10. Qc2 a5 11. Be3 Nfd7 12. Nd2 f5 13. exf5 gxf5 14. Bxc5 Nxc5 15. dxc6 bxc6 16. Bxc6 Rb8 17. Rad1 e4 18. Nb5 Be6 19. Nb3 Nd3 20. Nc1 Nb4 21. Rxd6 Nxc2 22. Rxd8 Rfxd8 0-1

[Event "Padova op-B 15th"]
[Site "Padova"]
[Date "2012.12.23"]
[Round "6"]
[White "Mancin, Michele"]
[Black "Zanini, Andrea"]
[Result "1/2-1/2"]
[WhiteElo "1750"]
[BlackElo "1662"]
[PlyCount "58"]
[EventDate "2012.12.15"]
[EventType "swiss"]
[EventRounds "6"]
[EventCountry "ITA"]
[SourceTitle "EXT 2015"]
[Source "ChessBase"]
[SourceDate "2014.11.20"]
[SourceVersion "1"]
[SourceVersionDate "2014.11.20"]
[SourceQuality "1"]

1. e4 b6 2. d3 Bb7 3. b3 e6 4. Bb2 Nf6 5. Nf3 Be7 6. Be2 0-0 7. 0-0 c5 8. Nbd2 d6 9. Re1 Re8 10. Bf1 Nbd7 11. g3 e5 12. Nc4 Nf8 13. Ne3 Ne6 14. Bg2 g6 15. Rf1 Bf8 16. Nh4 Bg7 17. f4 exf4 18. gxf4 Nh5 19. Bxg7 Kxg7 20. Qg4 Nhxf4 21. Rxf4 Nxf4 22. Qxf4 Re6 23. Qg3 Kh8 24. Rf1 Qe7 25. Bh3 Rf6 26. Rxf6 Qxf6 27. Ng4 Qa1+ 28. Bf1 Bc8 29. Nh6 Qf6 1/2-1/2

[Event "Padova op-B 15th"]
[Site "Padova"]
[Date "2012.12.16"]
[Round "3"]
[White "Xia, Jie"]
[Black "Mancin, Michele"]
[Result "1-0"]
[WhiteElo "2255"]
[BlackElo "1750"]
[PlyCount "62"]
[EventDate "2012.12.15"]
[EventType "swiss"]
[EventRounds "6"]
[EventCountry "ITA"]
[SourceTitle "EXT 2015"]
[Source "ChessBase"]
[SourceDate "2014.11.20"]
[SourceVersion "1"]
[SourceVersionDate "2014.11.20"]
[SourceQuality "1"]

1. e4 e5 2. Nf3 d6 3. d4 exd4 4. Nxd4 Nf6 5. Nc3 Be7 6. Be2 Nc6 7. 0-0 0-0 8. f4 Re8 9. Bf3 Nxd4 10. Qxd4 c6 11. b3 Qc7 12. Bb2 Bf8 13. Kh1 Be6 14. Rad1 a6 15. e5 dxe5 16. fxe5 Rad8 17. Qf4 Nd5 18. Nxd5 cxd5 19. c3 b5 20. h3 Qa5 21. Ra1 Qc7 22. Rfd1 Be7 23. a4 Bf6 24. Re1 bxa4 25. Qd4 Be7 26. Rxa4 Bc5 27. Qd2 Qc8 28. Kh2 d4 29. cxd4 Bxb3 30. Raa1 Qb8 31. Qf4 Bb4 1-0

[Event "Padova op-B 15th"]
[Site "Padova"]
[Date "2012.12.15"]
[Round "1"]
[White "Seletsky, Grigory"]
[Black "Mancin, Michele"]
[Result "1-0"]
[WhiteElo "2308"]
[BlackElo "1750"]
[PlyCount "47"]
[EventDate "2012.12.15"]
[EventType "swiss"]
[EventRounds "6"]
[EventCountry "ITA"]
[SourceTitle "EXT 2015"]
[Source "ChessBase"]
[SourceDate "2014.11.20"]
[SourceVersion "1"]
[SourceVersionDate "2014.11.20"]
[SourceQuality "1"]

1. e4 e5 2. Nf3 d6 3. d4 exd4 4. Qxd4 Nc6 5. Bb5 Bd7 6. Bxc6 Bxc6 7. Nc3 Nf6 8. Bg5 Be7 9. 0-0-0 h6 10. Bh4 0-0 11. Rhe1 Re8 12. h3 a5 13. Qc4 Nd7 14. Bg3 Nb6 15. Qd3 Bf6 16. Nd4 g6 17. Nxc6 bxc6 18. f4 Bg7 19. e5 d5 20. h4 h5 21. f5 Bh6+ 22. Kb1 g5 23. f6 g4 24. Qf5 1-0

[Event "Chioggia op-A 05th"]
[Site "Chioggia"]
[Date "2010.10.10"]
[Round "4"]
[White "Tomio, Dante"]
[Black "Mancin, Michele"]
[Result "1-0"]
[WhiteElo "1949"]
[BlackElo "1761"]
[PlyCount "71"]
[EventDate "2010.10.08"]
[EventType "swiss"]
[EventRounds "5"]
[EventCountry "ITA"]
[SourceTitle "EXT 2022"]
[Source "ChessBase"]
[SourceDate "2021.10.06"]
[SourceVersion "1"]
[SourceVersionDate "2021.10.06"]
[SourceQuality "1"]

1. d4 Nf6 2. Nf3 g6 3. c4 Bg7 4. Nc3 d6 5. e4 0-0 6. Be2 Nbd7 7. Bg5 h6 8. Bh4 c6 9. Qc2 e5 10. 0-0-0 Qa5 11. h3 Nh5 12. Be7 Re8 13. Bxd6 exd4 14. Nxd4 Bxd4 15. Rxd4 Qg5+ 16. Qd2 Qxg2 17. Rh2 Qg1+ 18. Kc2 Ndf6 19. Bf3 Qg5 20. Qxg5 hxg5 21. e5 Bf5+ 22. Kc1 Nd7 23. Bxh5 gxh5 24. Rg2 g4 25. hxg4 hxg4 26. Rf4 Bg6 27. Ne4 Bxe4 28. Rxe4 f5 29. Rf4 Nxe5 30. Rxf5 Nd7 31. Kd2 Re6 32. Rxg4+ Kh7 33. Rh5+ Rh6 34. Rxh6+ Kxh6 35. Kd3 Rd8 36. c5 1-0

[Event "Chioggia op-B 04th"]
[Site "Chioggia"]
[Date "2009.10.10"]
[Round "2"]
[White "Mancin, Michele"]
[Black "Marchetti, Daniele"]
[Result "1-0"]
[WhiteElo "1782"]
[BlackElo "1440"]
[PlyCount "55"]
[EventDate "2009.10.09"]
[EventType "swiss"]
[EventRounds "5"]
[EventCountry "ITA"]
[SourceTitle "EXT 2022"]
[Source "ChessBase"]
[SourceDate "2021.10.06"]
[SourceVersion "1"]
[SourceVersionDate "2021.10.06"]
[SourceQuality "1"]

1. e4 c5 2. Nf3 Nc6 3. d4 cxd4 4. Nxd4 e5 5. Nb5 a6 6. Nd6+ Bxd6 7. Qxd6 Qe7 8. Qd1 b5 9. Nc3 Qd8 10. Nd5 Nge7 11. Bg5 f6 12. Bh4 Nxd5 13. exd5 Nd4 14. Bd3 d6 15. 0-0 Nf5 16. Qg4 g6 17. Qb4 Nxh4 18. Qxh4 Kf7 19. f4 f5 20. Qf2 Bb7 21. fxe5 Bxd5 22. exd6 Qxd6 23. Rad1 Kg7 24. Qd4+ Kh6 25. Be2 Rad8 26. Rd3 Qc6 27. Rh3+ Kg5 28. Qh4# 1-0